• 首页
  • 本馆介绍
  • 公告通知
  • 最新文献
  • 馆藏检索
  • 电子资源
  • 读者导购
  • 参考咨询
  • 我的图书馆
  • 登录
  • 详细信息显示
  • 放入我的书架
  • 预约/预借图书
  • 作者相关作品
  • 分类相关作品
  • 丛书相关作品
  • 出版社相关作品

书目信息

  • 表格格式
  • 工作单格式
  • 卡片格式
题名:
梦溪笔谈
    
 
作者: 沈括 撰 ;堵军 编
分册:  
出版信息: 延吉   延边人民出版社  2000
页数: 12,482页
开本: 20cm
丛书名: 中国古典文学名著荟萃
单 册:
中图分类: Z429.441
科图分类:
主题词: 笔记--中国--北宋--选集 , 文史--中国--北宋 , 笔记 , 文史 , 文集--中国 , 全集--中国 , 选集--中国
电子资源:
ISBN: 7-80648-482-5
000 00928oam2 2200349 45
001 (011001)c2001020518
005 20091114101632.53
009 (011001)c2001020518
010    @a7-80648-482-5@dCNY19.80
035    @a(011001)c2001020518
100    @a20010212d2000 em y0chiy0110 ea
101 0  @achi
102    @aCN@b220000
105    @ay z 000zd
200 1  @a梦溪笔谈@AMeng xi bi tan@f(北宋)沈括撰@g堵军编
210    @a延吉@c延边人民出版社@d2000
215    @a12,482页@d20cm
225 2  @a中国古典文学名著荟萃
461  0 @12001 @a中国古典文学名著荟萃
606 0  @a笔记@y中国@z北宋@j选集
606 0  @a文史@y中国@z北宋
606 0  @a笔记
606 0  @a文史
606 0  @a文集@x中国
606 0  @a全集@x中国
606 0  @a选集@x中国
690    @aZ429.441@v4
701  0 @a沈括@AShen kuo@4撰
702  0 @a堵军@ADu jun@4编
801  0 @aCN@c20091114
905    @aBZT@dZ429.441@e3
906    @dCNY19.80@n0@r1
    
    梦溪笔谈/(北宋)沈括撰/堵军编.-延吉:延边人民出版社,2000
    12,482页;20cm.-(中国古典文学名著荟萃)
    
    
    ISBN 7-80648-482-5:CNY19.80
    
●
相关链接 在五车中查询图书 在当当中查询图书 在豆瓣中查询图书


正题名:梦溪笔谈     索取号:Z429.441/3         预约/预借

序号 登录号 条形码 馆藏地/架位号 状态 备注
1 396716   210234263   中心书库北库/ 北库039架B面3列2层11/ [索取号:Z429.441/3] 在馆    
2 396717   210234236   中心书库北库/ 北库039架B面3列2层4/ [索取号:Z429.441/3] 在馆    
3 396718   210234245   中心书库北库/ 北库039架B面3列2层19/ [索取号:Z429.441/3] 在馆    
4 396719   210233558   中心书库北库/ 北库039架B面3列2层6/ [索取号:Z429.441/3] 在馆    
5 396720   210233530   中心书库北库/ 北库039架B面3列2层2/ [索取号:Z429.441/3] 在馆    
6 396721   210233549   中心书库北库/ 北库039架B面3列2层5/ [索取号:Z429.441/3] 在馆    
7 396722   210233512   中心书库北库/ 北库039架B面3列2层16/ [索取号:Z429.441/3] 在馆    
8 396723   210233521   中心书库北库/ 北库039架B面3列2层7/ [索取号:Z429.441/3] 在馆    
9 396724   210233497   中心书库北库/ 北库039架B面3列2层9/ [索取号:Z429.441/3] 在馆    
10 396725   210233503   中心书库北库/ 北库039架B面3列2层10/ [索取号:Z429.441/3] 在馆    
11 423851   210521381   中心书库北库/ 北库039架B面3列2层12/ [索取号:Z429.441/3] 在馆    
12 423852   210521354   中心书库北库/ 北库039架B面3列2层15/ [索取号:Z429.441/3] 在馆    
13 423853   210521372   中心书库北库/ 北库039架B面3列2层3/ [索取号:Z429.441/3] 在馆    
14 423854   210527250   中心书库北库/ 北库039架B面3列2层1/ [索取号:Z429.441/3] 在馆    
15 423855   210521363   中心书库北库/ 北库039架B面3列2层17/ [索取号:Z429.441/3] 在馆    
16 423856   210527269   中心书库北库/ 北库039架B面3列2层18/ [索取号:Z429.441/3] 在馆    
17 423857   210521336   中心书库北库/ 北库039架B面3列2层13/ [索取号:Z429.441/3] 在馆    
18 423858   210527278   中心书库北库/ 北库039架B面3列2层8/ [索取号:Z429.441/3] 在馆    
19 423860   210521345   中心书库北库/ 北库039架B面3列2层14/ [索取号:Z429.441/3] 在馆    
山东省滨州职业学院图书馆 欢迎您!
大连网信软件有限公司© 版权所有